Стохастические процессы теории запасов: пер. с англ.

Бібліографічні деталі
Автор: Прабху Н.
Мова:Російська
Опубліковано: Москва, Мир, 1984
Предмети:
Формат: MixedMaterials Книга
KOHA link:https://koha.lib.tpu.ru/cgi-bin/koha/opac-detail.pl?biblionumber=285374

MARC

LEADER 00000nam0a2200000 4500
001 285374
005 20231101235804.0
035 |a (RuTPU)RU\TPU\book\309613 
090 |a 285374 
100 |a 20150225d1984 k y0rusy50 ca 
101 1 |a rus  |c eng 
102 |a RU 
105 |a y z 001zy 
200 1 |a Стохастические процессы теории запасов  |e пер. с англ.  |f Н. Прабху 
210 |a Москва  |c Мир  |d 1984 
215 |a 184 с. 
320 |a Библиогр.: с. 179-184 
606 1 |a Поиск, теория  |x (математика)  |2 stltpush  |3 (RuTPU)RU\TPU\subj\49982  |9 68742 
610 1 |a стохастические процессы 
610 1 |a массовое обслуживание 
610 1 |a математическое моделирование 
610 1 |a примеры 
610 1 |a задачи 
675 |a 519.87  |v 4 
700 1 |a Прабху  |b Н. 
801 1 |a RU  |b 63413507  |c 20150225 
801 2 |a RU  |b 63413507  |c 20161209  |g RCR 
942 |c BK